00426nam a22001457a 450000500170000000800410001704100080005808200230006610000110008924500800010026000530018030000080023350000240024150000150026520250426141543.0250426b |||||||| |||| 00| 0 eng d amar a891.46bGIT B22607 aGite V aSamajik Samata ani Sangh :bDr. Mohan Bhagavat yanche Nagpur yethil bhashan aPune bBharatiya Vichar Sadhana Prakashan c2016 a24p aMarathi Literature  aLiterature